| 000 | 00561nam a2200205 a 4500 | ||
|---|---|---|---|
| 001 | 11131 | ||
| 003 | CO-ViMGA | ||
| 008 | 141112s2004 ck r 000 u spa d | ||
| 020 | _a8420427640 | ||
| 040 |
_aCO-ViMGA _bspa _cCO-ViMGA |
||
| 082 | 0 | 4 | _aA863.6 C67b |
| 100 | 1 |
_aCortazar, Julio _915441 |
|
| 245 | 1 | 0 | _aBestiario |
| 260 |
_aMadrid, _cgrupo Santillana ediciones, _c1998 |
||
| 300 | _a149 p. | ||
| 490 | _aBiblioteca de Julio Cortazar, literatura alfaguara | ||
| 650 | 1 | 4 | _aCUENTOS ARGENTINOS |
| 650 | 1 | 4 |
_aPESADILLAS - CUENTOS _915442 |
| 942 |
_2ddc _cBK |
||
| 999 |
_c22345 _d22345 |
||